| 000 | 01126nam a2200253 a 4500 | ||
|---|---|---|---|
| 001 | 000042388 | ||
| 005 | 20201002040125.0 | ||
| 008 | 131127s2013 dr ad 001 0 spa d | ||
| 020 | _a9789945889802 | ||
| 040 |
_aDO-SdBNP _bspa _cBNPHU |
||
| 082 |
_a334 _bR621m |
||
| 100 | 1 |
_aRivera Rodríguez, Claudio Alberto _969487 |
|
| 245 | 1 | 0 |
_aManual para la implementación del modelo de gestión social en las cooperativas, sustentados en los principios cooperativos y en el balance social cooperativo / _cClaudio Alberto Rivera Rodríguez, Juan Luis Alfonso Alemán, Yamira Mirabal González. |
| 260 |
_aSanto Domingo, : _bD&A Soluciones Gráficas, _c2013. |
||
| 300 |
_a36 p. : _bil., tabls. ; _c21 cm. |
||
| 500 | _aIncluye datos biográficos del autor en la contraportada. | ||
| 590 | _aInventariado, 2018 /LP | ||
| 650 | 4 |
_aEconomía solidaria _vMANUALES _969488 |
|
| 650 | 4 |
_aCooperativismo _xAspectos sociales _950718 |
|
| 650 | 4 |
_aCooperativas _xAdministración _vMANUALES _969489 |
|
| 700 | 1 |
_aAlfonso Alemán, Juan Luis _935361 |
|
| 700 | 1 |
_aMirabal González, Yamira _969490 |
|
| 910 | _aValidado. Control de calidad EMS | ||
| 999 |
_c41877 _d41877 |
||